Advanced accounting

Αποθηκεύτηκε σε:
Λεπτομέρειες βιβλιογραφικής εγγραφής
Κύριος συγγραφέας: Boatsman, James R.
Μορφή: Βιβλίο
Γλώσσα:English
Δημοσίευση: Burr Ridge, Illinois : Irwin, 1994
Έκδοση:7th ed.
Σειρά:Irwin series in undergraduate accounting
Θέματα:
Ετικέτες: Προσθήκη ετικέτας
Δεν υπάρχουν, Καταχωρήστε ετικέτα πρώτοι!

MARC

LEADER 00000nam a2200000 i 4500
001 1/49889
008 960403s1994 eng d
020 |a 0-256-10819-6 
035 |l 10026910 
040 |a GR-MY-UA  |b gre  |e aacr 
041 0 |a eng 
082 0 |a 657.046 
100 1 |a Boatsman, James R. 
245 1 0 |a Advanced accounting /  |c James R. Boatsman ... [ et al.]. 
250 |a 7th ed. 
260 |a Burr Ridge, Illinois :   |b Irwin,   |c 1994 
490 1 |a Irwin series in undergraduate accounting 
504 |a Περιλαμβάνει ευρετήριο 
650 0 0 |a Accounting. 
830 0 |a Irwin series in undergraduate accounting 
852 |a INST  |b CHIOS  |e 19960403  |h 657.046 ADV  |p 005200001594  |q 005200001594  |t BK  |y 0 
909 |a Χ  |b 041065